Normal view
MARC view
- Magnetism
Entry Topical Term
001 - CONTROL NUMBER
- control field: 40022
003 - CONTROL NUMBER IDENTIFIER
- control field: NUST
005 - DATE AND TIME OF LATEST TRANSACTION
- control field: 20210314131630.0
008 - FIXED-LENGTH DATA ELEMENTS
- fixed length control field: 210314|| aca||aabn | a|a d
040 ## - CATALOGING SOURCE
- Original cataloging agency: NUST
- Transcribing agency: NUST
150 ## - HEADING--TOPICAL TERM
- Topical term or geographic name entry element: Magnetism
- General subdivision: Early works to 1800
670 ## - SOURCE DATA FOUND
- Source citation: Work cat.: (NUST): DAS,M,M 40020, Electricity :, 1947.
